Alle Pokémon (1ste Generation) - Statistiken

Allgemein
  • Dieses Quiz wurde 223 mal gespielt
    200 seit der letzten Aktualisierung
  • Das Durchschnittsergebnis liegt bei 91 aus 151
Antwortstatistiken
Hint Antwort % Korrekt
1 Bisasam
98%
3 Bisaflor
96%
2 Bisaknosp
94%
4 Glumanda
94%
6 Glurak
94%
7 Schiggy
94%
25 Pikachu
92%
5 Glutexo
90%
9 Turtok
90%
16 Taubsi
88%
151 Mew
87%
26 Raichu
87%
8 Schillok
87%
17 Tauboga
86%
18 Tauboss
85%
10 Raupy
83%
74 Kleinstein
81%
133 Evoli
80%
144 Arktos
79%
12 Smettbo
79%
145 Zapdos
79%
130 Garados
78%
146 Lavados
78%
13 Hornliu
76%
129 Karpador
76%
95 Onix
76%
11 Safcon
76%
136 Flamara
75%
134 Aquana
74%
15 Bibor
74%
149 Dragoran
74%
147 Dratini
74%
21 Habitak
74%
150 Mewtu
74%
22 Ibitak
73%
14 Kokuna
73%
148 Dragonir
72%
75 Georok
72%
19 Rattfratz
72%
135 Blitza
71%
63 Abra
69%
24 Arbok
69%
94 Gengar
69%
92 Nebulak
69%
23 Rettan
69%
65 Simsala
69%
76 Geowaz
68%
64 Kadabra
68%
29 Nidoran♀
67%
32 Nidoran♂
67%
20 Rattikarl
67%
41 Zubat
67%
50 Digda
66%
34 Nidoking
66%
39 Pummeluff
66%
31 Nidoqueen
65%
52 Mauzi
64%
30 Nidorina
64%
93 Alpollo
63%
51 Digdri
62%
131 Lapras
62%
33 Nidorino
62%
42 Golbat
61%
118 Goldini
61%
143 Relaxo
61%
123 Sichlor
61%
110 Smogmog
61%
109 Smogon
61%
120 Sterndu
61%
128 Tauros
61%
100 Voltobal
61%
69 Knofensa
60%
43 Myrapla
60%
77 Ponita
60%
113 Chaneira
59%
59 Arkani
58%
40 Knuddeluff
58%
35 Piepi
58%
36 Pixi
58%
44 Duflor
57%
45 Giflor
57%
68 Machomei
57%
121 Starmie
57%
58 Fukano
56%
101 Lektrobal
56%
66 Machollo
56%
106 Kicklee
55%
82 Magneton
55%
96 Traumato
55%
126 Magmar
54%
53 Snobilikat
54%
125 Elektek
53%
97 Hypno
53%
81 Magnetilo
53%
37 Vulpix
53%
132 Ditto
52%
67 Maschock
52%
124 Rossana
52%
70 Ultrigaria
52%
78 Gallopa
51%
27 Sandan
51%
142 Aerodactyl
50%
119 Golking
50%
140 Kabuto
50%
141 Kabutops
50%
107 Nockchan
50%
122 Pantimos
50%
28 Sandamer
50%
71 Sarzenia
50%
38 Vulnona
50%
48 Bluzuk
49%
86 Jurob
49%
115 Kangama
49%
49 Omot
49%
87 Jugong
48%
127 Pinsir
48%
88 Sleima
48%
89 Sleimok
48%
54 Enton
47%
111 Rihorn
47%
137 Porygon
46%
72 Tentacha
46%
138 Amonitas
45%
139 Amoroso
45%
60 Quapsel
45%
73 Tentoxa
45%
62 Quappo
44%
55 Entoron
43%
83 Porenta
43%
112 Rizeros
43%
116 Seeper
43%
85 Dodri
42%
105 Knogga
42%
56 Menki
42%
117 Seemon
41%
84 Dodu
40%
61 Quaputzi
40%
90 Muschas
39%
46 Paras
39%
47 Parasek
39%
104 Tragosso
39%
91 Austos
38%
57 Rasaff
38%
102 Owei
37%
79 Flegmon
34%
108 Schlurp
34%
103 Kokowei
33%
114 Tangela
33%
80 Lahmus
32%
98 Krabby
31%
99 Kingler
28%
Keine übereinstimmenden Quizze gefunden
Verteilung der Resultate
Anzahl Personen mit jedem Resultat
Perzentil nach korrekt beantworteten Fragen
Ihre Resultats-Entwicklung
Sie haben dieses Quiz seit der letzten Aktualisierung nicht gespielt